Ukončenie živnosti
Skončenie podnikania živnostníka možno stotožniť so zánikom živnostenského oprávnenia. Kedy môže živnostenský úrad zrušiť živnostenské oprávnenie. Ako musí podnikateľ archivovať svoju dokumentáciu. Prehľad o povinných archivačných lehotách pre účtovné záznamy.
Saved in:
| Main Author: | |
|---|---|
| Format: | Book Chapter |
| Language: | Slovak |
| Subjects: | |
| Tags: |
No Tags, Be the first to tag this record!
|
MARC
| LEADER | 00000naa a2200000 4500 | ||
|---|---|---|---|
| 001 | 0212035 | ||
| 005 | 20231120135628.6 | ||
| 041 | 0 | |a slo | |
| 044 | |a SK | ||
| 245 | 1 | 0 | |a Ukončenie živnosti |c Dušan Dobšovič |
| 520 | |a Skončenie podnikania živnostníka možno stotožniť so zánikom živnostenského oprávnenia. Kedy môže živnostenský úrad zrušiť živnostenské oprávnenie. Ako musí podnikateľ archivovať svoju dokumentáciu. Prehľad o povinných archivačných lehotách pre účtovné záznamy. | ||
| 610 | 2 | 0 | |a živnosti |
| 610 | 2 | 0 | |a živnostníci |
| 610 | 2 | 0 | |a doklady účtovné |
| 610 | 2 | 0 | |a archívy účtovné |
| 100 | 1 | |a Dobšovič, Dušan | |